000 01646nam a2200433 c 4500
001 18252
003 ES-MaCES
005 20141221122529.0
008 051124s2004 sp d t o000 | ara d
017 _aM 41347-2004
_bDL
035 _aCES20050013947m
040 _aES-MaCES
_bspa
_cES-MaCES
245 0 0 _aEconomía, trabajo y sociedad
_b: memoria sobre la situación socioeconómica y laboral : España 2003 : edición árabe resumida
_c[Consejo Económico y Social]
250 _a1ª ed
260 _aMadrid
_bCES
_c2004
300 _a66 p.
_c24 cm
490 1 _aColección Memorias (Consejo Económico y Social)
500 _aMemoria aprobada en la sesión ordinaria del Pleno del Consejo Económico y Social celebrada el 31 de mayo de 2004
500 _aTexto en árabe, irreproducible por el centro catalogador
500 _aPubl. simultáneamente en español, francés e inglés
541 _cGratuito
650 4 _aeconomía
_926781
650 4 _acondiciones económicas
_927081
650 4 _atrabajo
_928289
650 4 _acondiciones de trabajo
_928327
650 4 _asociedad
_927269
650 4 _acondiciones sociales
_930469
650 4 _acondiciones de vida
_927111
650 4 _aEspaña
_926964
650 4 _a2003
_931178
650 4 _ainforme
_928986
653 1 0 _aCondiciones económicas
710 2 _aConsejo Económico y Social (España)
_92408
787 0 _tEconomía, trabajo y sociedad
_w(ES-MaCES)18253
830 0 _aColección Memorias (Consejo Económico y Social (España))
_932359
902 _aDOC Literatura gris
942 _2CES
_cBK
_h0.0.
999 _c18252
_d18252